| 000 | 00379nam a2200157Ia 4500 | ||
|---|---|---|---|
| 008 | 210210b1974 xxu||||| |||| 00| 0 eng d | ||
| 020 | _a0023172001 | ||
| 082 | _a581 BURP | ||
| 100 | _aBURNS (George W). | ||
| 245 | _aPlant kingdom. | ||
| 260 |
_aN York _bMacmillan & Co. Ltd. _c1974 |
||
| 300 | _aix,540 | ||
| 650 | _aPlant kingdom | ||
| 690 | _aBotany | ||
| 906 | _aSG00658 | ||
| 999 |
_c112410 _d112410 |
||